[Event "South-America-chT U14 22th"]
[Site "Medellin"]
[Date "2016.12.17"]
[Round "9.2"]
[White "Cardozo, Camila"]
[Black "Jimenez Mansilla, Camila"]
[Result "1-0"]
[WhiteElo "1487"]
[BlackElo "1527"]
[PlyCount "73"]
[EventDate "2016.12.12"]
[EventType "team-tourn"]
[EventRounds "9"]
[EventCountry "COL"]
[SourceTitle "EXT 2024"]
[Source "ChessBase"]
[SourceDate "2023.10.10"]
[SourceVersion "1"]
[SourceVersionDate "2023.10.10"]
[SourceQuality "1"]
[WhiteTeam "Uruguay"]
[BlackTeam "Chile"]
[WhiteTeamCountry "URU"]
[BlackTeamCountry "CHI"]

1. d4 d5 2. e3 Nf6 3. Bd3 e6 4. Nd2 Nbd7 5. f4 Be7 6. Ngf3 a6 7. 0-0 0-0 8. Ne5 c5 9. c3 c4 10. Bc2 Qc7 11. g4 h6 12. Qf3 Nxe5 13. fxe5 Nd7 14. e4 b5 15. Qh3 Qb6 16. Nf3 Bb7 17. exd5 Bxd5 18. Bxh6 gxh6 19. Qxh6 f5 20. exf6 Nxf6 21. g5 Rf7 22. gxf6 Bxf6 23. Rad1 Qb7 24. Ne5 Rg7+ 25. Ng6 Rf8 26. Qh8+ Kf7 27. Qh5 Ke8 28. Rxf6 Rxf6 29. Qh8+ Rf8 30. Qxf8+ Kd7 31. Qxg7+ Kc6 32. Qxb7+ Kxb7 33. Re1 Kb6 34. Ne7 Bc6 35. Nxc6 Kxc6 36. Rxe6+ Kb7 37. h4 1-0